00546 2200169 4500001002100000005001500021008004100036020001400077035001900091041000800110082001000118084001600128100005000144245008200194260007400276300002600350INLIS00000000000177120200508201614200508||||||||| | ||| |||| ||ind|| a985677014 0010-0520001771 aind0 a003.5 a003.5/UND/U0 aSekretariat jendral komisi Republik Indonesia00aUndang-undang republik Indonesia nomor 33 tahun 2004: tentang komisi yudisial aJakartabsekretariat jendral komisi yudisial republik indonesiac2004 a32 hal.; 21 cmc21 cm